Music Quiz

Random Music or Artist Quiz

Movie Music Identification Quiz Stats

 Plays Quiz Updated Nov 19, 2019

Score 0/15 Timer 05:00
10 Plays Today
Question Answer Wrong Answers
Singin' in the Rain Singin' in the Rain
97.3%
The Shawshank Redemption
1.1%
Psycho
0.2%
Spider-Man
0.2%
My Heart Will Go On Titanic
96.5%
Ghost
1.2%
Love Story
0.5%
An Officer and a Gentleman
0.8%
Over the Rainbow The Wizard of Oz
96.4%
Gone with the Wind
1.2%
L.A. Confidential
0.5%
Bonnie and Clyde
0.8%
Summer Nights Grease
92.8%
Buffy the Vampire Slayer
1.5%
Footloose
3.1%
Almost Famous
1.3%
Lose Yourself 8 Mile
88.9%
The Last Boy Scout
3.3%
The Other Guys
2.9%
Rush Hour
3.5%
Supercalifragilisticexpialidocious Mary Poppins
88.1%
The Sound of Music
8.6%
Popeye
0.7%
Mr. Magorium's Wonder Emporium
1.5%
Can You Feel the Love Tonight? The Lion King
86.8%
Beauty and the Beast
5.3%
Aladdin
5.6%
Mulan
1.2%
I Will Always Love You The Bodyguard
86%
Sleepless in Seattle
6.8%
The Godfather
4.7%
Superman
1.2%
Mrs. Robinson The Graduate
85.8%
Charlie's Angels
2.2%
Bewitched
8.7%
Fargo
1.8%
Shallow A Star Is Born
83.5%
Twilight
7.4%
The Thomas Crown Affair
2.8%
Gone Girl
4.9%
Old Time Rock and Roll Risky Business
78.2%
Flash Gordon
2.6%
School of Rock
16.1%
Miami Vice
1.8%
When You Wish Upon a Star Pinocchio
75.4%
Dumbo
6.8%
Snow White and the Seven Dwarfs
14.7%
Bambi
1.9%
Dueling Banjos Deliverance
61.1%
O Brother, Where Art Thou?
20.5%
Mississippi Burning
5.6%
The Dukes of Hazzard
11.3%
Gonna Fly Now Rocky
59.6%
The Wrestler
10.5%
The Karate Kid
14.5%
Ghostbusters
13.7%
Suicide Is Painless MASH
55.2%
Mission Impossible
9.7%
The Fugitive
9.1%
Platoon
24.4%

You're not logged in!

Compare scores with friends on all Sporcle quizzes.
OR
Log In

Sporcle TV

Today on Sporcle TV


Watch our educational content, quiz creation guides, and fun videos on Sporcle TV.

Show Comments

Extras

Top Quizzes Today


Score Distribution

Your Account Isn't Verified!

In order to create a playlist on Sporcle, you need to verify the email address you used during registration. Go to your Sporcle Settings to finish the process.

Report this User

Report this user for behavior that violates our Community Guidelines.

Details: